|
|
|
|
| LEADER |
01348nam a2200253 a 4500 |
| 001 |
00024345 |
| 008 |
120122r20112005ii a b 001 0 eng d |
| 040 |
|
|
|a BD-DhAAL
|c BD-DhAAL
|
| 020 |
|
|
|a 9788131509630
|
| 082 |
0 |
0 |
|a 658.4/012
|2 22
|
| 100 |
1 |
|
|a Ireland, R. Duane
|
| 245 |
1 |
0 |
|a Strategic management /
|c R. Duane Ireland, Robert E.Hoskisson and Michael A. Hitt
|
| 260 |
|
|
|a New Delhi :
|b Cengage Learning,
|c c2005 [Reprinted 2011]
|
| 300 |
|
|
|a 594 p. :
|b ill. ;
|c 24 cm.
|
| 504 |
|
|
|a Includes bibliographical references and index.
|
| 541 |
|
|
|e 00024345
|
| 650 |
|
0 |
|a Strategic planning
|
| 700 |
1 |
|
|a Hoskisson, Robert E.
|
| 700 |
1 |
|
|a Hitt, Michael A.
|
| 852 |
1 |
|
|a Ayesha Abed Library
|c General shelf.
|
| 999 |
|
|
|c 11807
|d 11807
|
| 952 |
|
|
|0 0
|1 0
|4 0
|6 658_401200000000000_IRE
|7 0
|9 19253
|a BRACUL
|b BRACUL
|c GEN
|d 2012-01-22
|e Development Book Agency
|g 800.00
|l 8
|m 27
|o 658.4012 IRE
|p 3010024345
|r 2023-06-07
|s 2023-05-31
|t 1
|w 2012-01-22
|y BK
|x Available
|
| 952 |
|
|
|0 0
|1 0
|4 0
|6 658_401200000000000_IRE
|7 0
|9 19254
|a BRACUL
|b BRACUL
|c GEN
|d 2012-01-22
|e Development Book Agency
|g 800.00
|l 2
|m 5
|o 658.4012 IRE
|p 3010024346
|r 2015-05-13
|s 2014-10-21
|t 2
|w 2012-01-22
|y BK
|x Available
|
| 952 |
|
|
|0 0
|1 0
|4 0
|6 658_401200000000000_IRE
|7 0
|9 19255
|a BRACUL
|b BRACUL
|c GEN
|d 2012-01-22
|e Development Book Agency
|g 800.00
|l 3
|m 14
|o 658.4012 IRE
|p 3010024347
|r 2014-09-20
|s 2014-07-05
|t 3
|w 2012-01-22
|y BK
|x Available
|